[Event "Asia-ch Blitz U20 Girls"]
[Site "Jamshedpur"]
[Date "2023.09.15"]
[Round "6"]
[White "Sherali, Pattnaik"]
[Black "Patil, Divya"]
[Result "1/2-1/2"]
[WhiteElo "1349"]
[BlackElo "1496"]
[PlyCount "121"]
[EventDate "2023.09.15"]
[EventType "swiss (blitz)"]
[EventRounds "9"]
[EventCountry "IND"]
[SourceTitle "EXT 2024"]
[Source "ChessBase"]
[SourceDate "2023.10.10"]
[SourceVersion "1"]
[SourceVersionDate "2023.10.10"]
[SourceQuality "1"]

1. e4 e5 2. Nf3 Nc6 3. Bb5 a6 4. Ba4 Nf6 5. d3 b5 6. Bb3 d6 7. 0-0 Be7 8. a4 Bd7 9. Nc3 Rb8 10. axb5 axb5 11. Nd5 0-0 12. c3 h6 13. Re1 Re8 14. d4 exd4 15. cxd4 Bg4 16. Ne3 Bxf3 17. gxf3 Nh5 18. Nf5 Bg5 19. Kh1 Ne7 20. Ng3 Nxg3+ 21. fxg3 Bxc1 22. Qxc1 Qc8 23. Ra7 c5 24. Qf4 c4 25. Bc2 Qe6 26. e5 Ng6 27. Qe4 d5 28. Qf5 Ne7 29. Qxe6 fxe6 30. Rea1 Nc6 31. Rc7 Nxd4 32. Bg6 Rec8 33. Re7 Ra8 34. Rxa8 Rxa8 35. Rb7 Rc8 36. Kg2 Rf8 37. f4 Rc8 38. Kf2 Kf8 39. Ke3 Nc2+ 40. Kd2 Nd4 41. Ke3 Nc2+ 42. Bxc2 b4 43. Rxb4 Ke7 44. Rb7+ Kd8 45. Rxg7 Rb8 46. Rg8+ Kc7 47. Rxb8 Kxb8 48. Kd4 Kc7 49. Kc5 Kd7 50. Ba4+ Ke7 51. Kc6 h5 52. h4 Kf7 53. Kd6 Kf8 54. Kxe6 d4 55. Kd5 c3 56. bxc3 dxc3 57. Kc4 c2 58. Bxc2 Ke7 59. Bg6 Ke6 60. Bxh5 Kf5 61. Kd5 1/2-1/2

[Event "Asia-ch U20 Girls"]
[Site "Jamshedpur"]
[Date "2023.09.11"]
[Round "4"]
[White "Patil, Divya"]
[Black "Sachi, Jain"]
[Result "1-0"]
[WhiteElo "1496"]
[BlackElo "1756"]
[PlyCount "107"]
[EventDate "2023.09.09"]
[EventType "swiss"]
[EventRounds "9"]
[EventCountry "IND"]
[SourceTitle "EXT 2024"]
[Source "ChessBase"]
[SourceDate "2023.10.10"]
[SourceVersion "1"]
[SourceVersionDate "2023.10.10"]
[SourceQuality "1"]

1. e4 e5 2. Nf3 Nc6 3. Bc4 Bc5 4. c3 Nf6 5. d3 d6 6. Nbd2 Bb6 7. Bb3 0-0 8. 0-0 Ne7 9. h3 Ng6 10. Re1 Nf4 11. d4 N6h5 12. dxe5 dxe5 13. Nc4 Qf6 14. Ncxe5 Bxh3 15. Bxf4 Qxf4 16. Nxf7 Qg3 17. N7g5+ Kh8 18. Nxh3 Nf4 19. Nxf4 Rxf4 20. Re3 Bxe3 21. fxe3 Rxe4 22. Qe1 Qg4 23. Rd1 h6 24. Rd4 Rae8 25. Bc2 Rxd4 26. cxd4 Qe6 27. Ne5 g5 28. Qc3 Kg7 29. Qd3 Rh8 30. Bb3 Qe8 31. Qc3 Qe7 32. d5 Rc8 33. Nc6+ Qf6 34. Nxa7 Qxc3 35. bxc3 Re8 36. Kf2 Kf6 37. Nb5 Re7 38. Nd4 Ke5 39. c4 Rf7+ 40. Ke2 b6 41. g4 Rf6 42. Nc6+ Kd6 43. e4 Rf4 44. e5+ Kd7 45. e6+ Ke8 46. Bc2 Rf6 47. Ke3 Kf8 48. Kd4 h5 49. Ke5 Rh6 50. gxh5 g4 51. e7+ Ke8 52. Bg6+ Rxg6 53. hxg6 g3 54. g7 1-0

[Event "Asia-ch U20 Girls"]
[Site "Jamshedpur"]
[Date "2023.09.10"]
[Round "3"]
[White "Mrudul, Dehankar"]
[Black "Patil, Divya"]
[Result "1/2-1/2"]
[WhiteElo "2059"]
[BlackElo "1496"]
[PlyCount "60"]
[EventDate "2023.09.09"]
[EventType "swiss"]
[EventRounds "9"]
[EventCountry "IND"]
[SourceTitle "EXT 2024"]
[Source "ChessBase"]
[SourceDate "2023.10.10"]
[SourceVersion "1"]
[SourceVersionDate "2023.10.10"]
[SourceQuality "1"]

1. e4 e5 2. Nf3 Nc6 3. Bb5 a6 4. Ba4 Nf6 5. 0-0 b5 6. Bb3 Be7 7. d3 d6 8. a4 Rb8 9. axb5 axb5 10. c3 0-0 11. Re1 h6 12. Nbd2 Re8 13. Nf1 Bf8 14. Ng3 Ne7 15. h3 Ng6 16. Ra7 Bb7 17. Nh2 d5 18. Qf3 Bc5 19. Ra1 Nh4 20. Qe2 b4 21. Ba4 Re6 22. Nf5 Ng6 23. Bc2 Ba6 24. Qf3 b3 25. Bb1 d4 26. Ra5 Rb5 27. Ra4 Rb8 28. Ra5 Rb5 29. Ra4 Rb8 30. Ra5 Rb5 1/2-1/2

[Event "IND-ch (Women) 48th"]
[Site "Hatkanangale"]
[Date "2023.01.01"]
[Round "7"]
[White "Bhagyashree, Patil"]
[Black "Patil, Divya"]
[Result "1/2-1/2"]
[WhiteElo "1920"]
[BlackElo "1559"]
[PlyCount "140"]
[EventDate "2022.12.26"]
[EventType "swiss"]
[EventRounds "11"]
[EventCountry "IND"]
[SourceTitle "CBM 212 Extra"]
[Source "ChessBase"]
[SourceDate "2023.03.31"]
[SourceVersion "1"]
[SourceVersionDate "2023.03.31"]
[SourceQuality "1"]

1. e4 e5 2. Nf3 Nc6 3. Bc4 Bc5 4. c3 Nf6 5. d3 d6 6. 0-0 h6 7. Nbd2 a6 8. Bb3 0-0 9. Re1 Ba7 10. Nf1 Ne7 11. Ng3 Ng6 12. Be3 Nf4 13. d4 Ng4 14. dxe5 Nxe3 15. fxe3 Bg4 16. exd6 cxd6 17. h3 Bxf3 18. Qxf3 Nd3 19. Re2 Qg5 20. Kh1 Rad8 21. Rd1 Ne5 22. Qf4 Qg6 23. Nf5 Rfe8 24. Red2 Bb8 25. Bd5 b5 26. a4 Qf6 27. axb5 axb5 28. Ra1 Nc4 29. Rf2 Ne5 30. Nd4 Qxf4 31. exf4 Nd3 32. Rf3 Nxb2 33. Nxb5 Rc8 34. Ra8 Kf8 35. Kh2 Nc4 36. Rxb8 Nd2 37. Rb6 Nxf3+ 38. gxf3 Rc5 39. Nxd6 Rd8 40. Nxf7 Rdxd5 41. exd5 Kxf7 42. Rc6 Rxd5 43. c4 Rd2+ 44. Kg3 Rc2 45. f5 Rc1 46. c5 Rc4 47. h4 h5 48. f6 gxf6 49. Rc8 Kg6 50. c6 Kf5 51. c7 Rc3 52. Kg2 Rc2+ 53. Kh3 Rc3 54. Kg3 Rc2 55. Rh8 Rxc7 56. Rxh5+ Kg6 57. Ra5 Rc4 58. h5+ Kh6 59. f4 Rc1 60. Kg4 Rc2 61. Ra7 Rc5 62. Rf7 Rc6 63. Kf5 Rc5+ 64. Kxf6 Kxh5 65. f5 Rc6+ 66. Kg7 Kg5 67. f6 Rb6 68. Rf8 Ra6 69. f7 Rg6+ 70. Kh7 Rh6+ 1/2-1/2

[Event "IND-ch U15 Girls 38th"]
[Site "New Delhi"]
[Date "2022.12.01"]
[Round "6"]
[White "Patil, Divya"]
[Black "Sanikommu, Manasvi"]
[Result "1/2-1/2"]
[WhiteElo "1557"]
[BlackElo "1340"]
[PlyCount "64"]
[EventDate "2022.11.28"]
[EventType "swiss"]
[EventRounds "11"]
[EventCountry "IND"]
[SourceTitle "CBM 211 Extra"]
[Source "ChessBase"]
[SourceDate "2023.01.31"]
[SourceVersion "1"]
[SourceVersionDate "2023.01.31"]
[SourceQuality "1"]

1. e4 c5 2. Nf3 d6 3. d4 cxd4 4. Nxd4 Nf6 5. Nc3 g6 6. Bc4 Bg7 7. 0-0 Nc6 8. Be3 0-0 9. Bb3 Ng4 10. Nxc6 bxc6 11. Bf4 Ne5 12. f3 Ba6 13. Re1 Nc4 14. Bxc4 Bxc4 15. Be3 d5 16. exd5 cxd5 17. Bd4 e5 18. Bf2 d4 19. Ne4 f5 20. Nd2 Ba6 21. c3 dxc3 22. bxc3 Qc7 23. c4 Rfd8 24. c5 Rab8 25. Qc1 e4 26. Nb3 Bxa1 27. Qxa1 exf3 28. Qf6 Bc4 29. Bd4 Rxd4 30. Qxd4 Bf7 31. gxf3 Rd8 32. Qc3 Rc8 1/2-1/2

[Event "Kolhapur Kulkarni Memorial"]
[Site "Kolhapur"]
[Date "2021.12.05"]
[Round "2"]
[White "Bartakke, Amardeep S"]
[Black "Patil, Divya"]
[Result "1-0"]
[WhiteElo "2177"]
[BlackElo "1373"]
[PlyCount "145"]
[EventDate "2021.12.04"]
[EventType "swiss"]
[EventRounds "10"]
[EventCountry "IND"]
[SourceTitle "EXT 2023"]
[Source "ChessBase"]
[SourceDate "2022.10.05"]
[SourceVersion "1"]
[SourceVersionDate "2022.10.05"]
[SourceQuality "1"]

1. e4 e5 2. Nf3 Nc6 3. Bb5 a6 4. Ba4 Nf6 5. 0-0 b5 6. Bb3 Be7 7. Re1 0-0 8. a4 Bb7 9. d3 h6 10. Nbd2 Re8 11. c3 Bf8 12. Nf1 d5 13. Qe2 dxe4 14. dxe4 Na5 15. Bc2 Nc4 16. Ng3 Bc5 17. h3 Nd6 18. b4 Ba7 19. Bd3 Qd7 20. Nh4 Qc6 21. Nhf5 Nxf5 22. Nxf5 Qd7 23. axb5 axb5 24. Bxb5 c6 25. Ba4 Ba6 26. Qf3 Bd3 27. Bxh6 Nxe4 28. Rxe4 Bxe4 29. Qxe4 g6 30. Ne3 Bxe3 31. Bxe3 Rxa4 32. Rxa4 Qd1+ 33. Kh2 Qxa4 34. Bg5 Qb5 35. Bf6 Re6 36. Qh4 Rxf6 37. Qxf6 Qd5 38. Kg3 Qd3+ 39. Qf3 Qd6 40. Qe4 Kg7 41. f4 f6 42. h4 Qd2 43. Qxc6 Qxf4+ 44. Kh3 e4 45. Qd7+ Kh6 46. Qc8 Kg7 47. Qg4 Qe5 48. Qd7+ Kh6 49. Qd4 Qe6+ 50. Kg3 g5 51. hxg5+ Kxg5 52. c4 Qg4+ 53. Kf2 Qh4+ 54. Ke2 Qg4+ 55. Kf1 Qf4+ 56. Ke1 Qc1+ 57. Ke2 Qc2+ 58. Qd2+ Qxd2+ 59. Kxd2 Kf4 60. b5 Kg3 61. Ke3 f5 62. b6 f4+ 63. Kxe4 Kxg2 64. Kxf4 Kf2 65. b7 Ke2 66. b8Q Kd3 67. Qd6+ Kxc4 68. Ke3 Kc3 69. Qc5+ Kb3 70. Kd2 Ka4 71. Qb6 Ka3 72. Kc3 Ka2 73. Qb2# 1-0

[Event "Mumbai Wealth U13 op 5th"]
[Site "Mumbai"]
[Date "2019.12.31"]
[Round "2"]
[White "Patil, Divya"]
[Black "Mahajan, Ayush"]
[Result "0-1"]
[WhiteElo "1377"]
[BlackElo "1959"]
[PlyCount "94"]
[EventDate "2019.12.30"]
[EventType "swiss"]
[EventRounds "9"]
[EventCountry "IND"]
[SourceTitle "CBM 194 Extra"]
[Source "ChessBase"]
[SourceDate "2020.03.31"]
[SourceVersion "1"]
[SourceVersionDate "2020.03.31"]
[SourceQuality "1"]

1. e4 c5 2. Nf3 d6 3. d4 cxd4 4. Nxd4 Nf6 5. Nc3 a6 6. Be2 e5 7. Nb3 Be7 8. 0-0 0-0 9. Be3 Be6 10. Qd2 b5 11. Bf3 Nbd7 12. a4 b4 13. Ne2 a5 14. Ng3 Nb6 15. Bxb6 Qxb6 16. Rfe1 g6 17. Be2 Rac8 18. Bb5 Rfd8 19. Rac1 d5 20. exd5 Nxd5 21. Qe2 Bf6 22. Ne4 Bg7 23. Ned2 e4 24. Nc4 Qc7 25. Nbxa5 Nf4 26. Qf1 Bd5 27. g3 Ne6 28. c3 bxc3 29. bxc3 Ng5 30. Re3 Nf3+ 31. Rxf3 exf3 32. Qe1 Ra8 33. Rd1 Bxc4 34. Nxc4 Bxc3 35. Qf1 Bd4 36. Rd2 Qc5 37. Rc2 Rac8 38. h4 Qf5 39. Rd2 Bc5 40. Rxd8+ Rxd8 41. Qe1 Qh3 42. Ne3 Bxe3 43. Bf1 Qxg3+ 44. Kh1 Bxf2 45. Qxf2 Qxf2 46. a5 Qxf1+ 47. Kh2 Qg2# 0-1